000 00402 a2200133 4500
005 20250411164942.0
020 _a0-471-62797-6
082 _a657. 028 WIL
100 _aWILKINSON, J. W.
245 _aAccounting Information Systems: Essential Concepts and Application.
260 _aCanada,
_bJohn Wiley & Sons Inc,
_c1989.
300 _axvi,702p.: Ill.;figures & table
_bIndex
_c23cm.
942 _2ddc
_cBKS
999 _c1335
_d1335